书目信息 |
| 题名: |
文化产业营销与管理
|
|
| 作者: | 科尔伯特 著 ;高福进 译 | |
| 分册: | ||
| 出版信息: | 上海 上海人民出版社 2002 |
|
| 页数: | 449页 | |
| 开本: | 20cm | |
| 丛书名: | ||
| 单 册: | ||
| 中图分类: | G114 | |
| 科图分类: | ||
| 主题词: | 文化--产业--经济管理 , 文化--产业--市场营销学 | |
| 电子资源: | ||
| ISBN: | 7-208-04204-7 | |
| 000 | 01057nam0 2200313 450 | |
| 000 | 01022nam0 2200301 450 | |
| 000 | 00985nam0 2200289 450 | |
| 000 | 00919nam0 2200289 450 | |
| 000 | 00882nam0 2200277 450 | |
| 000 | 00815nam0 2200253 450 | |
| 001 | 0104000024 | |
| 005 | 20061016094956.40 | |
| 010 | @a7-208-04204-7@dCNY26.00 | |
| 100 | @a20051124d2002 em y0chiy0110 ea | |
| 101 | 1 | @achi@ceng |
| 102 | @aCN@b310000 | |
| 105 | @ay z 000yy | |
| 200 | 1 | @a文化产业营销与管理@Awen hua chan ye ying xiao yu guan li@f(加)弗朗索瓦·科尔伯特著@F(jia)fu lang suo wa·ke er bo te zhu@g高福进等译@Ggao fu jin deng yi |
| 210 | @a上海@c上海人民出版社@d2002 | |
| 215 | @a449页@d20cm | |
| 606 | 0 | @a文化@x产业@x经济管理 |
| 606 | 0 | @a文化@x产业@x市场营销学 |
| 690 | @aG114@v4 | |
| 701 | 1 | @a科尔伯特@9ke er bo te@bF.@g(Colbert, Francois)@4著 |
| 702 | 0 | @a高福进@9gao fu jin@4译 |
| 801 | 0 | @aCN@b北京荣雅伟业图书经销中心@c20061016 |
| 905 | @aBZT@dG114@e1 | |
| 906 | @dCNY26.00@n0@r1 | |
| 文化产业营销与管理/(加)弗朗索瓦·科尔伯特著/高福进等译.-上海:上海人民出版社,2002 |
| 449页;20cm |
| ISBN 7-208-04204-7:CNY26.00 |
| ● |
| 相关链接 |
|
|
|
正题名:文化产业营销与管理
索取号:G114/1
 
预约/预借
| 序号 | 登录号 | 条形码 | 馆藏地/架位号 | 状态 | 备注 |
| 1 | 502361 | 230073428 | 中心书库北库/ 北库033架B面2列1层14/ [索取号:G114/1] | 在馆 | |
| 2 | 502362 | 230073429 | 中心书库北库/ 北库033架B面2列1层16/ [索取号:G114/1] | 在馆 | |
| 3 | 502363 | 230073430 | 中心书库北库/ 北库033架B面2列1层15/ [索取号:G114/1] | 在馆 | |
| 4 | 502364 | 230073431 | 中心书库北库/ 北库033架B面2列1层17/ [索取号:G114/1] | 在馆 | |
| 5 | 502365 | 230073432 | 中心书库北库/ 北库033架B面2列1层18/ [索取号:G114/1] | 在馆 |